=LDR 00000nam 2200000 4500 =001 INLIS000000000004389 =005 20250630010103 =035 ##$$a 0010-0222001000 =245 1#$$a Laporan Kuliah Kerja Praktek PT. Aftech Rand Perkasa : $b Kuliah Kerja Praktek /$c Anita (145778) =100 #$$a ANITA =250 ##$$a 2017 =300 ##$$a viii, 61 halaman : $b Tabel, Gambar ; $c 20x28 cm =856 ##$$a OPAC (Rak KKP TMI 2017) =260 ##$$a Makassar :$b Politeknik ATI Makassar - Teknik Mesin Industri,$c 2017 =082 ##$$a (R)2017 LKKP-TMI 818 =084 ##$$a (R)2017 LKKP-TMI 818 ANI k =650 #4$$a Laporan Praktek TMI 2017 =500 ##$$a Laporan Praktek TMI 2017 =008 250630################|##########|#|## =990 ##$$a 25/LKKP TMI 2017